01192cam a22002653a 4500001000500000005001700005020001700022040004000039050001400079082001100093100002600104245003800130260003500168300004000203490002500243500002600268505000800294520046800302521002000770521002000790650002100810650003700831655003000868655002800898112520230829144048.0 a078073004997 aZABcZABdSLCdOCLdOCLCQdDLCbeng00aPZ7.A6483 a813.541 aApplegate, Katherine.14aThe separation /cK.A. Applegate. aNew York :bScholastic,c1999. a158 pages :billustrations ;c20 cm1 aAnimorphs ;vBook 32 a"An Apple paperback." aJ  aAnimorphs RM is an exciting series for young adult readers about five teens who are given the power to morph into any animal they touch and then to absorb its DNA. This power is granted them by a dying Andalite alien named Elfangor, who also warns the teens that Earth is being threatened secretly by a group of aliens called Yeerks. This high-interest series is currently a successful television show and will be sure to intrigue even the most reluctant readers. a460 bLexile  aJ bRaz-Plus  0aScience fiction. 0aMetamorphosisvJuvenile fiction. 7aChildren's stories.2lcsh 7aScience fiction.2gsafd